| 000 | 00923nas a2200313 4500 | ||
|---|---|---|---|
| 001 | BR0301815 | ||
| 003 | BR-BrBNA | ||
| 005 | 20231205103702.0 | ||
| 007 | ta | ||
| 008 | 230509b bl.|||p| |||| 00| 00por d | ||
| 040 |
_aBR-BrBNA _bpor _cBiblioteca Nacional de Agricultura |
||
| 041 | _a(Pt) | ||
| 072 | _aF02 | ||
| 100 | 1 | _aAraújo, J.R.G. | |
| 100 | 1 | _aSalibe, A.A. | |
| 245 | 1 | _aCaracterização físico-morfológica de frutos de microtangerinas (Citrus spp.)de potencial utilização como porta-enxertos | |
| 650 | _aTANGERINA | ||
| 650 | _aLIMÃO CRAVO | ||
| 650 | _aPORTA ENXERTO | ||
| 650 | _aPESO | ||
| 650 | _aFRUTO | ||
| 650 | _aCASCA | ||
| 650 | _aCOR | ||
| 650 | _aVARIEDADE | ||
| 650 | _aSÃO PAULO | ||
| 773 | 0 |
_tRevista Brasileira de Fruticultura (Brazil) _xISSN 0100-2945 _g(Dec 2002), v. 24(3) p. 618-621 _wBR0301815 |
|
| 909 |
_a202311 _bLúcia _c55 _dLúcia Elande |
||
| 942 |
_2AGRIS _n0 _cANA |
||
| 999 |
_c174206 _d174206 |
||